Treatment of Brachial Plexus Injuries (Record no. 12679)

MARC details
000 -LEADER
fixed length control field 00466nam a2200121Ia 4500
008 - FIXED-LENGTH DATA ELEMENTS--GENERAL INFORMATION
fixed length control field 220615s9999||||xx |||||||||||||| ||und||
100 ## - MAIN ENTRY--PERSONAL NAME
Personal name Nieves Sáiz-Sapena||Vicente Vanaclocha
245 #0 - TITLE STATEMENT
Title Treatment of Brachial Plexus Injuries
546 ## - LANGUAGE NOTE
Language note English[eng]
650 ## - SUBJECT ADDED ENTRY--TOPICAL TERM
Topical term or geographic name entry element Medicine||Physical Medicine and Rehabilitation||Neurological Physical Therapy||Health Sciences
856 ## - ELECTRONIC LOCATION AND ACCESS
Uniform Resource Identifier <a href="https://www.intechopen.com/books/treatment-of-brachial-plexus-injuries">https://www.intechopen.com/books/treatment-of-brachial-plexus-injuries</a>
942 ## - ADDED ENTRY ELEMENTS (KOHA)
Koha item type E-Books
Holdings
Withdrawn status Lost status Damaged status Not for loan Home library Current library Date acquired Total Checkouts Date last seen Price effective from Koha item type
        Kerala University of Digital Sciences, Innovation and Technology Knowledge Centre Kerala University of Digital Sciences, Innovation and Technology Knowledge Centre 15/06/2022   15/06/2022 15/06/2022 E-Books